University Home | Library Home | Institutional Repository

Gasteromycetes of west tropical Africa / (Record no. 141896)

MARC details
000 -LEADER
fixed length control field 00832cam6a220025300 4500
001 - CONTROL NUMBER
control field lce02517738
005 - DATE AND TIME OF LATEST TRANSACTION
control field 20190823085510.0
008 - FIXED-LENGTH DATA ELEMENTS--GENERAL INFORMATION
fixed length control field 900622s1964 enk eng
010 ## - LIBRARY OF CONGRESS CONTROL NUMBER
LC control number 90888594
035 ## - SYSTEM CONTROL NUMBER
System control number (Sirsi) r54986
035 ## - SYSTEM CONTROL NUMBER
System control number (DLC) 90888594
035 ## - SYSTEM CONTROL NUMBER
System control number (UPRA)lce02517738
040 ## - CATALOGING SOURCE
Original cataloging agency DLC
Transcribing agency DLC
Modifying agency UPRA
050 00 - LIBRARY OF CONGRESS CALL NUMBER
Classification number MLCM 90/00745 (Q)
100 1# - MAIN ENTRY--PERSONAL NAME
Personal name Dring, D. M.
Linkage A13831.1
245 10 - TITLE STATEMENT
Title Gasteromycetes of west tropical Africa /
Statement of responsibility, etc. by D.M. Dring.
260 ## - PUBLICATION, DISTRIBUTION, ETC.
Place of publication, distribution, etc. Kew, Surrey, England :
Name of publisher, distributor, etc. Commonwealth Mycological Institute,
Date of publication, distribution, etc. c1964.
490 1# - SERIES STATEMENT
Series statement Mycological papers ;
Volume/sequential designation no. 98 (15 Dec. 1964)
500 ## - GENERAL NOTE
General note Catalogued from cover.
504 ## - BIBLIOGRAPHY, ETC. NOTE
Bibliography, etc. note Bibliography : p. 56-58.
830 #0 - SERIES ADDED ENTRY--UNIFORM TITLE
Uniform title Mycological papers ;
Volume/sequential designation no. 98.
Linkage S3272.1
949 ## - LOCAL PROCESSING INFORMATION (OCLC)
a MLCM 90/00745 (Q)
w lcc
i -71026
m MAIN
t BOOK
l ON-SHELF

No items available.

© 2026 - The University of Zambia Library - Koha v25.11